Countries, US States, Capitals, Elements, 100 Most Common Words: containing 4 consecutive JETPUNK letters - Statistics

General Stats
  • This quiz has been taken 126 times
  • The average score is 9 of 12
Answer Stats
HINT ANSWER % Correct
PENN Pennsylvania
98%
KENTU Kentucky
96%
TENNE Tennessee
96%
NEPTUN Neptunium
91%
KENT Tashkent
87%
NUKU Nukuʻalofa
76%
JUNE Juneau
74%
TENNE Tennessine
74%
ENNE Cheyenne
67%
NTPE Montpelier
65%
UTET Lutetium
63%
NTENE Montenegro
54%
No matching quizzes found
Score Distribution
Percent of People with Each Score
Percentile by Number Answered
Your Score History
You have not taken this quiz